[Event "Valdepenas U1600 1st op"]
[Site "Valdepenas"]
[Date "2019.07.28"]
[Round "5.2"]
[White "Lara Mezcua, Alonso"]
[Black "Martinez Sevilla, Francisco Javier"]
[Result "1-0"]
[WhiteElo "1522"]
[BlackElo "1115"]
[PlyCount "75"]
[EventDate "2019.07.27"]
[EventType "swiss (rapid)"]
[EventRounds "7"]
[EventCountry "ESP"]
[SourceTitle "EXT 2024"]
[Source "ChessBase"]
[SourceDate "2023.10.10"]
[SourceVersion "1"]
[SourceVersionDate "2023.10.10"]
[SourceQuality "1"]

1. e4 c5 2. Nf3 d6 3. c3 Nf6 4. h3 Nc6 5. Bd3 e6 6. Bc2 a6 7. 0-0 Be7 8. Re1 0-0 9. d4 cxd4 10. cxd4 e5 11. d5 Nd4 12. Nxd4 exd4 13. Qxd4 Re8 14. Bf4 Nd7 15. Nc3 Bf6 16. Qe3 Ne5 17. Bxe5 Bxe5 18. f4 Bf6 19. Qd3 g6 20. g4 Bg7 21. Rad1 Rf8 22. e5 dxe5 23. fxe5 Re8 24. d6 Rxe5 25. Rxe5 Bxe5 26. d7 Qb6+ 27. Kg2 Bxd7 28. Qxd7 Qe3 29. Qd3 Qf4 30. Rh1 Bd4 31. Rf1 Qe3 32. Qxe3 Bxe3 33. Re1 Bd2 34. Re7 b5 35. Ne4 Bb4 36. Rc7 Bf8 37. Bb3 Re8 38. Bxf7+ 1-0